000 00847cam a2200265 a 4500
001 12893719
003 OSt
005 20151106111525.0
008 020813s2004 maua 001 0 eng
010 _a 2002032603
020 _a0201795116
040 _aDLC
_cDLC
_dDLC
050 0 0 _aQA39.3
_b.P57 2004
082 0 0 _a510
_221
100 1 _aPirnot, Thomas L.
245 1 0 _aMathematics all around /
_cThomas L. Pirnot.
250 _a2nd ed.
260 _aBoston :
_bPearson/Addison-Wesley,
_cc2004.
300 _axviii, 906, 9 p. :
_bill. (some col.) ;
_c27 cm.
500 _aIncludes index.
650 0 _aMathematics.
906 _a7
_bcbc
_corignew
_d1
_eocip
_f20
_gy-gencatlg
942 _2lcc
_cBK
999 _c251066
_d251066